000 00567nam a2200181Ia 4500
008 151202s9999||||xx |||||||||||||| ||und||
082 _bPNVM-30536
100 _aSWAMI CHINMAYAHANDA.
245 _aTHOUSAND WAYS TO THE TRANSCENDENTAL VISHNU SAHASRANAAMA.
260 _bCHINMAYA PUB.TRUST.
260 _c1968
300 _a266
600 _aSWAMI CHINMAYAHANDA.
630 _aTHOUSAND WAYS TO THE TRANSCENDENTAL VISHNU SAHASRANAAMA.
700 _aSWAMI CHINMAYAHANDA.
730 _aTHOUSAND WAYS TO THE TRANSCENDENTAL VISHNU SAHASRANAAMA.
942 _cBOOK
999 _c1296498
_d1296495